000 02177cam a2200181 4500500
005 20260222002712.0
041 _afre
042 _adc
100 1 0 _aTachon, Jean-Paul
_eauthor
245 0 0 _aVous avez dit judiciarisation... ?
260 _c2015.
500 _a42
520 _aCet article présente l’équipe de détection et d’intervention précoce, e-DIP, implantée à Limoges et couvrant le territoire de la Haute-Vienne. Cette équipe ambulatoire mobile vise à accompagner de façon régulière et intensive les jeunes âgés de 16 à 25 ans présentant des symptômes psychotiques émergents, afin de limiter la transition vers un trouble psychiatrique chronique. L’évaluation de l’émergence psychotique, puis l’accompagnement basé entre autres sur le case management, seront présentés de façon détaillée dans cet article.
520 _aThis article introduces the Early Detection and Intervention team (e-DIP), based in Limoges and covering the Haute-Vienne region of France. This mobile outpatient team provides regular and intensive support to young people aged 16 to 25 who are experiencing emerging psychotic symptoms, with the aim of preventing these symptoms from developing into a chronic psychiatric disorder. The article offers a detailed description of the assessment of emerging psychosis and the subsequent case management approach.
520 _aEste artículo presenta al equipo de Detección e Intervención Temprana, e-DIP, con sede en Limoges y que cubre el territorio de Haute-Vienne. Este equipo ambulatorio móvil tiene como objetivo acompañar de forma regular e intensiva a jóvenes de entre 16 y 25 años que presentan síntomas psicóticos emergentes, con el fin de limitar la transición hacia un trastorno psiquiátrico crónico. En este artículo se presenta de forma detallada la evaluación de la aparición psicótica y el acompañamiento basado, entre otras cosas, en la gestión de casos.
786 0 _nL'information psychiatrique | Volume 91 | 6 | 2015-07-10 | p. 445-446 | 0020-0204
856 4 1 _uhttps://stm.cairn.info/revue-l-information-psychiatrique-2015-6-page-445?lang=fr&redirect-ssocas=7080
999 _c1665638
_d1665638